000 00623nam a2200241Ia 4500
003 OSt
005 20221007064716.0
006 a|||||r|||| 00| 0
007 ta
008 221006b |||||||| |||| 00| 0 eng d
020 _a333900014
024 _a15,635
037 _cTextual
040 _aFLL
_cFLL
_beng
041 _2eng
_aeng
082 _aX6.2, L3
100 _aPanandikar D.H. Pai
245 0 _aInterest rates and flow of funds
260 _aDelhi
_bMacmillan India India
_c1973
300 _a180p
_ccm.
942 _hX6.2, L3
_cTEXL
_2CC
999 _c1135088
_d1135088